| 000 | 00557nam a2200205Ia 4500 | ||
|---|---|---|---|
| 003 | GCL | ||
| 008 | 140319s9999 xx 000 0 eng d | ||
| 040 |
_aGCL / _cGCL |
||
| 082 | 0 | 4 |
_aCC _b069.0942 _bQ B |
| 100 | 1 | _aQUIRKE, STEPHEN | |
| 245 | 1 | 0 |
_aTHE BRITISH MUSEUM BOOK OF ANCIENT EGYPT / _cQUIRKE, STEPHEN |
| 700 | 1 | _aSPENCER, JEFFREY | |
| 260 |
_a[S.N] : _bBRITISH MUSEUM PRESS ، _c1994 |
||
| 300 | _a240 P | ||
| 650 | 0 | 4 | _aANCIENT EGYPT |
| 650 | 0 | 4 | _aEGYPTOLOGY |
| 650 | 0 | 4 | _aEGYPT - HISTORY |
| 650 | 0 | 4 | _aEGYPT - CIVILIZATION |
| 942 |
_2ddc _cBK |
||
| 999 |
_c10352 _d10352 |
||